LEADER 01377nam a2200289 i 4500 001 000000158497 003 CaOOAMICUS 005 20070208000000.0 008 070208s1963 it u000 u ita u 013 $a135860 040 $aSeMil$bita 100 1 $aBianchi Bandinelli, Ranuccio,$d<1900-1975>.$0(OLS)http://semarc/name/1435 245 10$aArte etrusca e arte italica /$cRanuccio Bianchi Bandinelli, Renato Peroni, Giovanni Colonna ; estratto dal vol. 3. e 4. della Enciclopedia dell'Arte Antica classica e orientale diretta da R. Bianchi Bandinelli e G. Becatti. 260 $aRoma :$bIstituto della Enciclopedia Italiana,$c1963. 300 $a63 p. :$briccamente ill. ;$c31 cm. 500 $aFondo Ciprandi. 650 4$aArte etrusca.$0(OLS)http://semarc/subject/7537 650 4$aArte - Italia antica.$0(OLS)http://semarc/subject/16989 700 1 $aBecatti, G.$0(OLS)http://semarc/name/41479 700 1 $aColonna, Giovanni.$0(OLS)http://semarc/name/35327 700 1 $aPeroni, Renato.$0(OLS)http://semarc/name/34734 850 $aSeMil 852 $aSeMil$W1$xVenegono$y1$m5J X 36$j110148$B110148$CSeMilBibl$Z2$F119790 $81 941 1 $a1 961 $aOmaggio: Ciprandi dott. Paolo 996 $6245$aArte etrusca e arte italica$9(OLS)http://semarc/title/140018 996 $6260$aRoma :$bIstituto della Enciclopedia Italiana$9(OLS)http://semarc/publisher/30014 LEADER 00980nam a2200217 i 4500 001 000000014212 003 CaOOAMICUS 005 20180830125442.0 008 180830s1866 it u000 u ita u 040 $aSeMil$bita 100 1 $aHoeven, Jan : van der <1802-1868>.$0(OLS)http://semarc/name/89931 245 10$aFilosofia zoologica /$cdi J. van der Hoeven ; traduzione di Michele Lessona e Tommaso Salvadori ; con aggiunte dell'autore. 260 $aGenova :$bTipografia del R. I. dei Sordo-muti,$c1866-1867. 300 $a2 v. ;$c18 cm. 650 4$aZoologia.$0(OLS)http://semarc/subject/3894 700 1 $aSalvadori, Tommaso <1835-1923>.$0(OLS)http://semarc/name/89932 700 1 $aLessona, Michele,$d<1823-1894>.$0(OLS)http://semarc/name/8685 774 0 $tParte 1.$g1$w()100484 774 0 $tParte 2.$g2$w()255510 996 $6245$aFilosofia zoologica$9(OLS)http://semarc/title/401521 996 $6260$aGenova :$bTipografia del R. I. dei Sordo-muti$9(OLS)http://semarc/publisher/56022